000 00399 a2200157 4500
001 153287
040 _cEscola São Tomás de Aquino
100 _aSOUZA, José Moreira de
240 1 0 _aA sombra do andarilho
_lpor
245 1 0 _aA sombra do andarilho
300 _a349
362 0 _a2012
440 1 _aComissão Mineira de Folclore
697 _aFolclore / Adivinhações / Lendas
942 _cBK
999 _c153287
_d153287